01453cam a2200373 i 4500952014400000999001700144001000900161003000400170005001700174008004100191010001700232020001800249020002900267020002600296040002800322042000800350050002600358082001900384100003400403245019900437250002000636264003000656300004100686336002600727337002800753338002700781504005300808650001700861700003800878700003400916700004000950906004500990942004401035 00102ddc40708DATAaMESbMEScCOMPd2022-07-25e51g648.75l0o006.312 TAN/Ip41505r2022-07-25 00:00:00v865.00w2022-07-25yBKzGL33R3 c41489d4148920058386OSt20220723122450.0171011s2019 nyua b 001 0 eng  a 2017048641 a9789354491047 a9780133128901 (hardback) a0133128903 (hardback) aDLCbengcDLCerdadDLC apcc00aQA76.9.D343bT35 201900a006.312bTAN/I1 aTan, Pang-Ningeauthor.9905910aIntroduction to data mining /cPang-Ning Tan, Michigan State University, Michael Steinbach, University of Minnesota, Anuj Karpatne, University of Minnesota, Vipin Kumar, University of Minnesota. aSecond edition. 1aIndia :bPearson,c[2022] a 856 pages :billustrations ;c24 cm atextbtxt2rdacontent aunmediatedbn2rdamedia avolumebnc2rdacarrier aIncludes bibliographical references and indexes. 0aData mining.1 aSteinbach, Michaeleauthor.990601 aKarpatne, Anujeauthor.990611 aKumar, Vipin,d1956-eauthor.99062 a7bcbccorignewd1eecipf20gy-gencatlg 2ddccBKh006.312iTAN/Ik006.312mTAN/I